000
00371nam a22000977a 4500
100
_a
तिवारी,अनामिका
_9
67921
245
_a
हँसते नाटक गाते नाटक
260
_a
नई दिल्ली
_b
तनिष्क पब्लिशर्स
_c
2016
650
_a
चिल्ड्रन बुक
_9
159
942
_c
HIN
999
_c
62990
_d
62990